| 000 | 02169cam a22004334a 4500 | ||
|---|---|---|---|
| 999 |
_c7882 _d7882 |
||
| 001 | 14761975 | ||
| 003 | OSt | ||
| 005 | 20200120140920.0 | ||
| 008 | 070308s2008 mauab b 001 0 eng | ||
| 010 | _a 2007009107 | ||
| 020 | _a9780070666986 | ||
| 020 | _a0070666989 | ||
| 035 | _a(OCoLC)ocm85833324 | ||
| 040 |
_aDLC _cDLC _dBAKER _dBTCTA _dUPM _dYDX _dOCLCQ _dYDXCP _dDLC |
||
| 050 | 0 | 0 |
_aHF5415.7 _b.S425 2008 |
| 082 | 0 | 0 |
_a658.5 _222 _bSIM/D |
| 100 |
_aSimchi-Levi, David _91312 |
||
| 245 | 1 | 0 |
_aDesigning and managing the supply chain : _bconcepts, strategies, and case studies / _cDavid Simchi-Levi, Philip Kaminsky, Edith Simchi-Levi. |
| 250 | _a3rd ed. | ||
| 260 |
_aNew Delhi : _bMcGraw-Hill/, _cc2008. |
||
| 300 |
_axxix, 531 p. : _bill., maps ; _c27 cm. + |
||
| 440 | 0 | _aMcgraw-Hill/Irwin series operations and decision sciences | |
| 504 | _aIncludes bibliographical references (p. 483-498) and index. | ||
| 538 | _aSystem requirements for accompanying CD-ROM: Microsoft Windows 2000/XP/Vista; minimum 256 MB main memory, 512 recommended; 10 MB or better free hard disk space; Microsoft Excel 2000 or better; Microsoft Internet Explorer 6 or better. An active Internet connection is also required to access some of the Web pages that are linked from this CD. | ||
| 650 | 0 |
_aPhysical distribution of goods _xManagement. |
|
| 650 | 0 |
_aMarketing channels _xManagement. |
|
| 650 | 0 | _aBusiness logistics. | |
| 650 | 0 | _aIndustrial procurement. | |
| 700 | 1 |
_aKaminsky, Philip _91345 |
|
| 700 | 1 |
_aSimchi-Levi, Edith _91346 |
|
| 700 |
_aShankar, Ravi _91349 |
||
| 856 | 4 | 1 |
_3Table of contents only _uhttp://www.loc.gov/catdir/toc/ecip0712/2007009107.html |
| 856 | 4 | 2 |
_3Publisher description _uhttp://www.loc.gov/catdir/enhancements/fy0713/2007009107-d.html |
| 856 | 4 | 2 |
_3Contributor biographical information _uhttp://www.loc.gov/catdir/enhancements/fy0806/2007009107-b.html |
| 906 |
_a7 _bcbc _corignew _d1 _eecip _f20 _gy-gencatlg |
||
| 942 |
_2ddc _cBK _h658.5 _iSIM/D _k658.5 _mSIM/D |
||